The book of the pearl : (Record no. 7368)

MARC details
000 -LEADER
fixed length control field 00927nac a22002171u 4500
010 ## - LIBRARY OF CONGRESS CONTROL NUMBER
LC control number 93002343
020 ## - INTERNATIONAL STANDARD BOOK NUMBER
International Standard Book Number 0486277453 (pbk.) :
082 00 - DEWEY DECIMAL CLASSIFICATION NUMBER
Classification number 639.412
Item number KUN
090 ## - LOCALLY ASSIGNED LC-TYPE CALL NUMBER (OCLC); LOCAL CALL NUMBER (OCLC)
-- 7368
-- 7368
100 ## - MAIN ENTRY--PERSONAL NAME
Personal name Kunz, George Frederick
245 14 - TITLE STATEMENT
Title The book of the pearl :
Remainder of title the history, art, science, and industry of the queen of gems /
Statement of responsibility, etc George Frederick Kunz and Charles Hugh Stevenson.
260 ## - PUBLICATION, DISTRIBUTION, ETC. (IMPRINT)
Place of publication, distribution, etc New York :
Name of publisher, distributor, etc Dover Publications,c.1993.
Date of publication, distribution, etc c.1993.
300 ## - PHYSICAL DESCRIPTION
Extent xix, 548 p. [49] p. of plates :
Other physical details ill. ;
Dimensions 24 cm.
500 ## - GENERAL NOTE
General note "An unabridged republication of the work originally published by the Century Co., New York, in 1908"--T.p. verso.
500 ## - GENERAL NOTE
General note Distributer: Al-Ahram.
504 ## - BIBLIOGRAPHY, ETC. NOTE
Bibliography, etc Includes bibliographical references (p. 517-538) and index.
511 ## - PARTICIPANT OR PERFORMER NOTE
Participant or performer note Catalogued By: Mahitab.
650 #0 - SUBJECT ADDED ENTRY--TOPICAL TERM
Topical term or geographic name as entry element Pearls.
700 1# - ADDED ENTRY--PERSONAL NAME
Personal name Stevenson, Charles Hugh,
Dates associated with a name 1869-1943.
942 ## - ADDED ENTRY ELEMENTS (KOHA)
Item type Book - Borrowing
Call number prefix 639.412KUN
Holdings
Withdrawn status Item status Damaged status Not for loan Home library Current library Shelving location Date acquired Source of acquisition Total Checkouts Total Renewals Full call number Barcode Date last seen Date last borrowed Koha item type
        Central Library Central Library First floor 23/01/2008 Purchase 1 3 639.412KUN 000008708 15/07/2025 09/10/2022 Book - Borrowing